[Event "Asian-ch Amateur"]
[Site "Isfahan"]
[Date "2016.11.13"]
[Round "3.3"]
[White "Roohparvar, A Reza"]
[Black "Pouresmaeil, Naser"]
[Result "1-0"]
[WhiteElo "2083"]
[BlackElo "1930"]
[PlyCount "127"]
[EventDate "2016.11.12"]
[EventType "swiss"]
[EventRounds "9"]
[EventCountry "IRI"]
[SourceTitle "EXT 2024"]
[Source "ChessBase"]
[SourceDate "2023.10.10"]
[SourceVersion "1"]
[SourceVersionDate "2023.10.10"]
[SourceQuality "1"]

1. Nf3 d6 2. d4 c6 3. c4 Nf6 4. Nc3 Bf5 5. e3 Nbd7 6. Bd3 Bxd3 7. Qxd3 e5 8. 0-0 Be7 9. b3 0-0 10. Bb2 Qc7 11. Qf5 Rfe8 12. dxe5 dxe5 13. Rfd1 g6 14. Qh3 Rad8 15. Ng5 Bf8 16. Nce4 Bg7 17. Nd6 Re7 18. Ba3 Nf8 19. Nde4 Red7 20. Rxd7 Qxd7 21. Qxd7 Rxd7 22. Nc5 Rc7 23. Rd1 b6 24. Na6 Rd7 25. Rxd7 N8xd7 26. Bd6 Ne8 27. Bb8 Nxb8 28. Nxb8 c5 29. Nc6 a6 30. Ne7+ Kf8 31. Nd5 h6 32. Ne4 f5 33. Nec3 e4 34. Na4 b5 35. Nxc5 bxc4 36. bxc4 a5 37. Ne6+ Kf7 38. Nd8+ Kf8 39. c5 Be5 40. c6 Nd6 41. c7 Nc8 42. Nc6 Bd6 43. Nxa5 Ke8 44. Nc4 Kd7 45. f3 Bxc7 46. Nxc7 Kxc7 47. fxe4 fxe4 48. Ne5 Ne7 49. Nf7 h5 50. Ng5 Nd5 51. Kf2 Nc3 52. Ne6+ Kd6 53. Nf4 g5 54. Nxh5 Nxa2 55. Kg3 Nc3 56. Kg4 Nd5 57. Kxg5 Nxe3 58. Nf4 Ke5 59. h4 Nf5 60. h5 Nd6 61. Ne2 e3 62. Kg6 Ke4 63. h6 Kd3 64. Ng1 1-0

[Event "IRI Cities-chT"]
[Site "Esfahan"]
[Date "2016.05.12"]
[Round "2.3"]
[White "Tahbaz, Arash"]
[Black "Pouresmaeil, Naser"]
[Result "1-0"]
[WhiteElo "2375"]
[BlackElo "1983"]
[PlyCount "49"]
[EventDate "2016.05.11"]
[EventType "team-swiss"]
[EventRounds "7"]
[EventCountry "IRI"]
[SourceTitle "CBM 172 Extra"]
[Source "ChessBase"]
[SourceDate "2016.06.21"]
[SourceVersion "1"]
[SourceVersionDate "2016.06.21"]
[SourceQuality "1"]
[WhiteTeam "Rasht"]
[BlackTeam "Tabriz Shahdari"]
[WhiteTeamCountry "IRI"]
[BlackTeamCountry "IRI"]

1. e4 d6 2. d4 Nf6 3. Nc3 c6 4. Nf3 Bg4 5. h3 Bh5 6. Bd3 Nbd7 7. g4 Bg6 8. e5 Bxd3 9. Qxd3 dxe5 10. dxe5 Nd5 11. e6 fxe6 12. 0-0 Nc5 13. Qd4 Qd6 14. Ne4 Nxe4 15. Qxe4 Nf6 16. Qe2 h5 17. g5 Nd5 18. c4 0-0-0 19. cxd5 exd5 20. Ne5 Qe6 21. Bf4 g6 22. Rac1 Rd6 23. Rfe1 Qf5 24. Nd3 Rd7 25. Qe5 1-0

[Event "Hamadan Iran op 11th"]
[Site "Hamadan"]
[Date "2012.07.14"]
[Round "5"]
[White "Soozankar, Amir Mohammad"]
[Black "Pouresmaeil, Naser"]
[Result "0-1"]
[WhiteElo "2256"]
[BlackElo "2023"]
[PlyCount "64"]
[EventDate "2012.07.11"]
[EventType "swiss"]
[EventRounds "11"]
[EventCountry "IRI"]
[SourceTitle "CBM 149 Extra"]
[Source "ChessBase"]
[SourceDate "2012.08.24"]
[SourceVersion "1"]
[SourceVersionDate "2012.08.24"]
[SourceQuality "1"]

1. e4 d6 2. d4 Nf6 3. Nc3 c6 4. f3 Nbd7 5. Be3 e5 6. Nge2 Be7 7. Qd2 b5 8. g4 b4 9. Nd1 d5 10. g5 Nh5 11. exd5 cxd5 12. dxe5 Nxe5 13. Nd4 0-0 14. Be2 Nc4 15. Bxc4 dxc4 16. Nc6 Qc7 17. Nxe7+ Qxe7 18. Nf2 Bb7 19. Ne4 Rad8 20. Qg2 f5 21. gxf6 Qe5 22. fxg7 Rxf3 23. Qg5 Re8 24. 0-0-0 Qxg5 25. Bxg5 Bxe4 26. Rhe1 Rf2 27. Rd4 Rxc2+ 28. Kd1 Rg2 29. Rdxe4 Rxe4 30. Rxe4 Rxg5 31. Rxc4 a5 32. Rc2 Rxg7 0-1